|
|
|
|
| LEADER |
01023nam a2200349 4500 |
| 001 |
DLU110127862 |
| 005 |
##20111110 |
| 040 |
# |
# |
|a DLU
|b vie
|
| 041 |
# |
# |
|a vie
|
| 044 |
# |
# |
|a vn
|
| 082 |
# |
# |
|a 330.951
|b LI-J
|
| 100 |
# |
# |
|a Lin, Justin Yifu.
|
| 245 |
# |
# |
|a Phép lạ Trung Quốc - Chiến lược phát triển và cải cách kinh tế /
|c Justin Yifu Lin, Fang Cai, Zhou Li; Võ Tòng Xuân, Nguyễn Quốc Thắng dịch giả.
|
| 260 |
# |
# |
|a TP. HCM :
|b Nxb. TP. HCM,
|c 1998.
|
| 300 |
# |
# |
|a 348 tr. ;
|c 20 cm.
|
| 651 |
# |
# |
|a Trung Quốc
|x Điều kiện kinh tế.
|
| 651 |
# |
# |
|a Trung Quốc
|x Chính sách kinh tế.
|
| 700 |
# |
# |
|a Cai, Fang.
|
| 700 |
# |
# |
|a Li, Zhou.
|
| 700 |
# |
# |
|a Nguyễn Quốc Thắng,
|e dịch giả.
|
| 700 |
# |
# |
|a Võ Tòng Xuân,
|e dịch giả.
|
| 923 |
# |
# |
|a 01/2011LS
|
| 991 |
# |
# |
|a SH
|
| 992 |
# |
# |
|a 31500
|
| 994 |
# |
# |
|a KLS
|
| 900 |
# |
# |
|a True
|
| 911 |
# |
# |
|a Đào Thị Thu Huyền
|
| 925 |
# |
# |
|a G
|
| 926 |
# |
# |
|a A
|
| 927 |
# |
# |
|a SH
|
| 980 |
# |
# |
|a Thư viện Trường Đại học Đà Lạt
|